Anatomy and Physiology: for paramedics and nurses (Record no. 5886)
[ view plain ]
| 000 -LEADER | |
|---|---|
| fixed length control field | 00559nam a22002177a 4500 |
| 003 - CONTROL NUMBER IDENTIFIER | |
| control field | OSt |
| 005 - DATE AND TIME OF LATEST TRANSACTION | |
| control field | 20260312020055.0 |
| 008 - FIXED-LENGTH DATA ELEMENTS--GENERAL INFORMATION | |
| fixed length control field | 171128b xxu||||| |||| 00| 0 eng d |
| 020 ## - INTERNATIONAL STANDARD BOOK NUMBER | |
| International Standard Book Number | 9789351528463 |
| 040 ## - CATALOGING SOURCE | |
| Transcribing agency | DNLM |
| 050 ## - LIBRARY OF CONGRESS CALL NUMBER | |
| Classification number | QS4 S64a 2015 |
| 100 ## - MAIN ENTRY--PERSONAL NAME | |
| Personal name | Kumar, Singh Ajay |
| 9 (RLIN) | 12261 |
| 245 ## - TITLE STATEMENT | |
| Title | Anatomy and Physiology: for paramedics and nurses |
| 250 ## - EDITION STATEMENT | |
| Edition statement | 2nd ed. |
| 260 ## - PUBLICATION, DISTRIBUTION, ETC. (IMPRINT) | |
| Place of publication, distribution, etc. | New Delhi; Jaypee, 2015 |
| 300 ## - PHYSICAL DESCRIPTION | |
| Extent | xv,225p; ill: 20cm |
| 504 ## - BIBLIOGRAPHY, ETC. NOTE | |
| Bibliography, etc | Index included |
| 650 ## - SUBJECT ADDED ENTRY--TOPICAL TERM | |
| Topical term or geographic name as entry element | Anatomy |
| 9 (RLIN) | 124 |
| 650 ## - SUBJECT ADDED ENTRY--TOPICAL TERM | |
| Topical term or geographic name as entry element | Physiology |
| 9 (RLIN) | 215 |
| 942 ## - ADDED ENTRY ELEMENTS (KOHA) | |
| Source of classification or shelving scheme | Other/Generic Classification Scheme |
| Koha item type | Book Bank |
| Koha issues (borrowed), all copies | 1 |
| Withdrawn status | Lost status | Source of classification or shelving scheme | Damaged status | Not for loan | Home library | Current library | Date acquired | Source of acquisition | Inventory number | Total Checkouts | Full call number | Barcode | Checked out | Date last seen | Date last checked out | Koha item type |
|---|---|---|---|---|---|---|---|---|---|---|---|---|---|---|---|---|
| Other/Generic Classification Scheme | MUST Main Library | MUST Main Library | 28/11/2017 | Purchase | 17/40126 | 2 | QS4 S64a 2015 | 2017-0915 | 25/03/2026 | 11/03/2026 | 11/03/2026 | Open Shelf | ||||
| Other/Generic Classification Scheme | MUST Main Library | MUST Main Library | 28/11/2017 | Purchase | 17/40125 | 1 | QS4 S64a 2015 | 2017-0916 | 28/05/2021 | 09/03/2021 | Book Bank |
